| 000 | 00375nam a2200157Ia 4500 | ||
|---|---|---|---|
| 008 | 230524s9999 xx 000 0 und d | ||
| 082 |
_a621.395 _bFAB |
||
| 100 | _aE.D.Fabricius | ||
| 245 | 0 | _aIntroduction to VLSI Design | |
| 250 | _a1ST | ||
| 260 |
_aNEW DELHI _bTMH _c1990 |
||
| 300 | _aXIV;403 | ||
| 500 | _aQuantity Number: 2 | ||
| 650 | _aElectronics | ||
| 942 | _cBK | ||
| 999 |
_c32472 _d32472 |
||